000 00311nam a22001337a 4500
008 170504b xxu||||| |||| 00| 0 eng d
020 _a2900314284791
041 _aeng
080 _22ND
_a342
100 _a14
101 _aSHJ
245 _aINTERNATIONAL INTELLECTUAL PROPERTY
_cCHOW, D.C.K
942 _2udc
_cBK
999 _c12651
_d12651